| 000 | 00807nam a2200229 a 4500 | ||
|---|---|---|---|
| 003 | MX-MxUPN | ||
| 005 | 20241001063948.0 | ||
| 008 | 991125s1935 fr 000 0 fre u | ||
| 035 | _aUPN01000049909 | ||
| 040 |
_aMX-MxUPN _bspa _cMX-MxUPN |
||
| 041 | 0 | _afre | |
| 050 | 4 |
_aHF5548.8 _bS6.6 |
|
| 100 | 1 |
_aSollier, Paul, _d1861-1933 _951686 |
|
| 100 | 1 |
_aDrabs, José _951687 |
|
| 245 | 1 | 3 |
_aLa psychotechnique : _bintroduction á une technique du facteur humain dans le travail |
| 260 |
_aParís : _bComité Central Industriel de Belgique : _bF. Alcan, _c1935. |
||
| 300 | _a178 páginas, 16 páginas de lámminas | ||
| 650 | 4 |
_aPsicología industrial _99354 |
|
| 710 | 2 |
_aInstituto Nacional de Investigación Educativa (México) _epropietario anterior _928086 |
|
| 942 |
_2lcc _cLIBRO |
||
| 999 |
_c49909 _d49909 |
||